Pokémon Moves- Water Type - Statistics

General Stats
  • This quiz has been taken 286 times
  • The average score is 39 of 52
Answer Stats
Hint Answer % Correct
I Hydro Pump
99%
I Bubble
96%
I Bubble Beam
96%
I Water Gun
95%
III Hydro Cannon
94%
I Surf
94%
IV Aqua Jet
93%
I Waterfall
92%
III Dive
91%
II Whirlpool
91%
IV Aqua Ring
90%
III Water Pulse
89%
IV Aqua Tail
87%
VI Water Shuriken
87%
III Muddy Water
84%
II Rain Dance
84%
V Scald
84%
III Water Spout
84%
V Water Pledge
83%
V Soak
82%
III Water Sport
81%
VII Liquidation
80%
VI Origin Pulse
80%
I Crabhammer
78%
I Withdraw
75%
IX Aqua Step
74%
VII Hydro Vortex
74%
V Razor Shell
74%
VII Sparkling Aria
74%
IV Brine
73%
VIII Surging Strikes
71%
VIII Snipe Shot
70%
I Clamp
69%
IX Aqua Cutter
68%
VIII Wave Crash
68%
VI Steam Eruption
67%
VII Oceanic Operetta
66%
VIII Flip Turn
65%
VIII Max Geyser
65%
II Octazooka
65%
IX Jet Punch
64%
VIII G-Max Cannonade
60%
VIII Life Dew
59%
VIII Fishious Rend
56%
VIII G-Max Foam Burst
55%
VIII G-Max Hydrosnipe
55%
VII Bouncy Bubble
54%
VIII G-Max Stonesurge
54%
VIII G-Max Rapid Flow
52%
IX Triple Dive
52%
VII Splishy Splash
50%
IX Chilling Water
41%
No matching quizzes found
Score Distribution
Percent of People with Each Score
Percentile by Number Answered
Your Score History
You have not taken this quiz